|
|
|
|
| LEADER |
00000nam0a2200000 4500 |
| 001 |
197781 |
| 005 |
20231031183607.0 |
| 035 |
|
|
|a (RuTPU)RU\TPU\book\215745
|
| 090 |
|
|
|a 197781
|
| 100 |
|
|
|a 20110617d1928 m y0rusy50 ca
|
| 101 |
1 |
|
|a rus
|c ger
|
| 102 |
|
|
|a RU
|
| 105 |
|
|
|a a g 001zy
|
| 200 |
1 |
|
|a Паровые турбины
|e руководство и справочная книга для учащихся, техников и инженеров с 251 фиг. в тексте и отдельным атласом чертежей на 18 таблицах
|e пер. с нем.
|f А. Польгаузен
|
| 210 |
|
|
|a Москва
|c Гостехиздат
|d 1928
|
| 215 |
|
|
|a 264 с.
|c ил.
|
| 225 |
1 |
|
|a Инженерно-промышленная библиотека
|v N XIII-87
|
| 320 |
|
|
|a Библиогр. в примеч.
|
| 610 |
1 |
|
|a паровые турбины
|
| 610 |
1 |
|
|a справочные издания
|
| 610 |
1 |
|
|a валы
|
| 610 |
1 |
|
|a расчет
|
| 610 |
1 |
|
|a подшипники
|
| 610 |
1 |
|
|a устройства
|
| 675 |
|
|
|a 621.165(075.32)
|v 3
|
| 700 |
|
1 |
|a Польгаузен
|b А.
|
| 801 |
|
1 |
|a RU
|b 63413507
|c 20110617
|
| 801 |
|
2 |
|a RU
|b 63413507
|c 20110901
|g RCR
|
| 942 |
|
|
|c BK
|